| 000 | 01900cas a2200313u 4500 | ||
|---|---|---|---|
| 001 | 10571935 | ||
| 005 | 20260223151321.0 | ||
| 008 | 851203c18619999enkwu 0 0eng | ||
| 010 | _a 54040727 | ||
| 022 | _a0017-4351 | ||
| 035 | _a10571935 | ||
| 040 |
_aDLC _cCarP _dDLC |
||
| 043 | _ae-uk--- | ||
| 050 | 0 | 0 |
_aHF5001 _b.G7 |
| 245 | 0 | 4 | _aThe Grocer. |
| 250 | _aPhysical copies are available on the journal display stand. The first issue received in print is dated 14 February 2026. | ||
| 260 |
_aLondon _b[W. Reed, etc.] _c[n.d.] |
||
| 300 |
_av. _bill., ports. _c29 cm. |
||
| 310 | _aWeekly | ||
| 362 | 1 | _aBegan in 1861? | |
| 505 | _aThe Grocer is a leading UK trade magazine covering the food and grocery industry. It provides news, market analysis, company reports, retail trends, product launches, supply chain developments, and industry data. It is widely used by professionals in retail, FMCG, food manufacturing, and distribution, and is a valuable source for research in areas such as: Retail strategy — Brand management — Consumer trends — Supply chain and logistics — Sustainability in food and grocery. Publication type: Trade journal: Coverage: United Kingdom (with international industry relevance) — Audience: Industry professionals, analysts, researchers. If you need access to specific articles or archive content, please contact the Library: biblioteca@tbs-education.es | ||
| 525 | _aSupplements accompany some issues. | ||
| 650 | 0 |
_aGrocery trade _zGreat Britain _vPeriodicals. |
|
| 780 | 1 | 5 | _tGrocery marketing |
| 780 | 1 | 5 | _tConfectioner, tobacconist, newsagent |
| 856 |
_uhttps://forms.office.com/e/9nxv3na4mn _yPlease fill in this form if you require access to an article from the archive or if you are carrying out a subject search. |
||
| 856 |
_uhttps://www.thegrocer.co.uk/ _yWebsite of The Grocer |
||
| 942 | _2lcc | ||
| 999 |
_c5358 _d5358 |
||